000 00367nam a2200133Ia 4500
005 20260326235501.0
008 260326s9999||||xx |||||||||||||| ||und||
100 _aNurnberg, David
245 0 _aArquitectura Vernácula en el litoral /
_cDavid Nurnberg
260 _bArchivo Histórico del Guayas
300 _a295 p.
650 _aARQUITECTURA VERNACULAR
942 _cBK
999 _c8064
_d8064